Central Library OPAC University of Rajshahi

Aquatics handbook / (Record no. 18649)

MARC details
000 -LEADER
fixed length control field 00838nam a22002652a 4500
001 - CONTROL NUMBER
control field 18649
003 - CONTROL NUMBER IDENTIFIER
rucl marc code BD-RjUL
005 - DATE AND TIME OF LATEST TRANSACTION
control field 20211209000320.0
008 - FIXED-LENGTH DATA ELEMENTS--GENERAL INFORMATION
fixed length control field 140222s1968 njua b 000 0 eng d
035 ## - SYSTEM CONTROL NUMBER
System control number (BD-RjUL)18707
-- OCLC ocm00442056 from D950109M
040 ## - CATALOGING SOURCE
Original cataloging agency DLC
Transcribing agency DLC
Modifying agency EQO
-- BD-RjUL
Language of cataloging eng
041 ## - LANGUAGE CODE
Language code of text/sound track or separate title eng
082 00 - DEWEY DECIMAL CLASSIFICATION NUMBER
Classification number 797
Author mark and year GAA 1968
100 1# - MAIN ENTRY--PERSONAL NAME
Personal name Gabrielsen, M. Alexander.
9 (RLIN) 50858
245 10 - TITLE STATEMENT
Title Aquatics handbook /
Statement of responsibility, etc. by M. Alexander Gabrielsen, Betty Spears and B. W. Gabrielsen.
250 ## - EDITION STATEMENT
Edition statement 2nd ed.
260 ## - PUBLICATION, DISTRIBUTION, ETC. (IMPRINT)
Place of publication, distribution, etc. Englewood Cliffs, N.J :
Name of publisher, distributor, etc. Prentice-Hall,
Date of publication, distribution, etc. 1968.
300 ## - PHYSICAL DESCRIPTION
Pagination xii, 256 p. :
Illustrations illus.
Size 29 cm
504 ## - BIBLIOGRAPHY, ETC. NOTE
Bibliography, etc Bibliography: p. 250-253
650 #0 - SUBJECT ADDED ENTRY--TOPICAL TERM
Topical term or geographic name as entry element Aquatic sports
9 (RLIN) 57441
700 1# - ADDED ENTRY--PERSONAL NAME
Personal name Spears, Betty Mary.
Personal name Gabrielsen, Bramwell W.
942 ## - ADDED ENTRY ELEMENTS (KOHA)
Source of classification or shelving scheme Dewey Decimal Classification
Koha item type Books
Holdings
Lost status Source of classification or shelving scheme Damaged status Not for loan Collection code Permanent Location Current Location Shelving location Date acquired Source of acquisition Cost, normal purchase price Total Checkouts Full call number Date last seen Copy number Koha item type
  Dewey Decimal Classification   Not For Loan Non-fiction Central Library, University of Rajshahi Central Library, University of Rajshahi Reading Room 19/10/1970 Zeitlinger 85.00   797 GAA 1968 22/02/2014 C-1 Books